000 00654nam a2200265Ia 4500
005 20260121172930.0
008 008 260114s9999 xx 000 0 eng d
020 _a9783030863982
037 _aEBOOK
040 _aCRL
040 _beng
040 _cCRL
041 _2eng
041 _aeng
084 _qCRL
100 _aMichael H. Gorn, Giuseppe De Chiara
_91094534
245 0 _aX-Planes from the X-1 to the X-60
260 _bSpringer
260 _bSpringer
260 _c2021
856 _uhttps://link.springer.com/openurl?genre=book&isbn=978-3-030-86398-2
942 _cEBOOK
999 _c1660276
_d1660276